Marcatori dell'Italia ai Mondiali - Argentina 1978 - Statistics

Statistiche generali
  • Questo quiz è stato fatto 14 volte
  • Il punteggio medio è 5 su 7
Statistiche sulle risposte
Partita Minuto Marcatore % Corretto
Italia - Francia 2-1 29 Paolo Rossi
92%
Italia - Ungheria 3-1 34 Paolo Rossi
92%
Italia - Austria 1-0 14 Paolo Rossi
92%
Italia - Ungheria 3-1 36 Roberto Bettega
58%
Italia - Argentina 1-0 67 Roberto Bettega
58%
Italia - Ungheria 3-1 60 Romeo Benetti
33%
Italia - Francia 2-1 54 Renato Zaccarelli
25%
Nessun quiz corrispondente trovato
Distribuzione punteggi
Percentuale di utenti per punteggio
Percentile per numero di risposta
I tuoi punteggi nel tempo
Non hai fatto questo quiz